000 00519cam a2200193ua 4500
001 884
005 20260515113234.0
008 110421n ii |||gr||||Z||||||eng
020 _a81-207-0472-x
040 _cMAIN
082 _a320.954
245 1 _aIndian government and politics.
250 _a4th. /
_bEdited by B A V Sharma & K Madhusudhan Reddy.
260 _aNew Delhi.:
_bSterling.,987.
300 _a341 p.:
_c23 cm.
653 _aPolitical science.
653 _aIndian government and politics.
942 _cBK
999 _c807
_d807